00660nam a2200205 a 4500001001000000003000400010005001700014008004100031040002500072041000800097082002700105100003100132245003600163250001100199260007500210300002100285500007400306500002200380600005200402000027180OSt20240409073641.0110330s1954 dr 000 0 spa d aDO-SdBNPbspacBNPHU heng a923.17293bT866n, 19541 aNanita, Abelardo R.d1943-10aTrujillo /cAbelardo R. Nanita. a5a ed. aCiudad Trujillo, República Dominicana :bEditora del Caribe ,c1954. a385 p. ;c23 cm. aIncluye referencias bibliográficas y notas al pie de las páginas  aTexto en inglés10aTrujillo Molina, Rafael Leónidas,d 1891-1961